Представление документа в формате MARC21

Поле Инд. ПП Название Значение
Тип записи a
Библиографический уровень m
001 Контрольный номер RU/IS/BASE/381944017
005 Дата корректировки 20140703201912.4
040 a Служба первич. каталог. НБ ТвГУ
b Код языка каталог. rus
e Правила каталог. PSBO
041 0_ a Код языка текста rus
080 a Индекс УДК 811.111'367(043.3)
084 a Индекс другой классификации/Индекс ББК Ш143.21-227.4я031
090 a Полочн. индекс Ш143.21
x Авторский знак М 20
100 1_ a Автор Малышева Екатерина Валерьевна
q Полное имя Малышева Е. В.
245 10 a Заглавие Регулятивная характеристика комплексных вербально-кинестетических действий в английском диалоге
b Продолж. заглавия дис. ... к.ф.н. : 10.02.04
c Ответственность Твер. гос. ун-т
260 a Место издания Тверь
b Издательство б. и.
c Дата издания 2011
300 a Объем 182 с.
b Иллюстрации/ тип воспроизводства табл.
500 a Примечание На правах рукоп.
502 a Примечание о диссертации Дис.(канд.) - Тверской государственный университет, 2011
504 a Библиография Библиогр.: с. 150-175 (260, 13, 5 назв.)
653 a Ключевые слова Английский диалог
a Ключевые слова Английский язык
a Ключевые слова Диалог в английском языке
a Ключевые слова Диалогическая речь
a Ключевые слова Диссертации
a Ключевые слова Синтаксис английского языка
a Ключевые слова Языкознание
901 t Тип документа m
920 a Оператор Густ
930 a Новая/Ретро диссертации
952 c Вид литературы Дис н
954 a Дата поступления на обработку 20120213